MARC details
| 000 -CABECERA |
| campo de control de longitud fija |
01648nam a2200193 a 4500 |
| 001 - NÚMERO DE CONTROL |
| campo de control |
000021066 |
| 005 - FECHA Y HORA DE LA ÚLTIMA TRANSACCIÓN |
| campo de control |
20200930011228.0 |
| 008 - DATOS DE LONGITUD FIJA--INFORMACIÓN GENERAL |
| campo de control de longitud fija |
100830s2012 sp ad 001 0 spa d |
| 040 ## - FUENTE DE LA CATALOGACIÓN |
| Centro catalogador/agencia de origen |
DO-SdBNP |
| Lengua de catalogación |
spa |
| Centro/agencia transcriptor |
BNPHU |
| 082 ## - NÚMERO DE LA CLASIFICACIÓN DECIMAL DEWEY |
| Número de clasificación |
xxxx |
| Número de documento/Ítem |
M294 |
| 049 ## - FONDOS LOCALES (OCLC) |
| Fondos de biblioteca |
BNPD |
| 240 13 - TÍTULO UNIFORME |
| Título uniforme |
The Merck manual home health handbook |
| Lenguaje de la obra |
español |
| 245 10 - MENCIÓN DE TÍTULO |
| Título |
Manual merck de información médica general / |
| Mención de responsabilidad, etc. |
director editorial Robert S. Porter ; director editorial adjunto Justin L. Kaplan. |
| 260 ## - PUBLICACIÓN, DISTRIBUCIÓN, ETC. |
| Lugar de publicación, distribución, etc. |
España : |
| Nombre del editor, distribuidor, etc. |
Oceano, |
| Fecha de publicación, distribución, etc. |
2012. |
| 300 ## - DESCRIPCIÓN FÍSICA |
| Extensión |
v.3 : |
| Otras características físicas |
il., diagr. + |
| Material acompañante/anejo |
cd-rom |
| Dimensiones |
26 cm. |
| 505 2# - NOTA DE CONTENIDO CON FORMATO |
| Información miscelánea |
Volumen 1 : |
| Título |
Fundamentos -- |
| -- |
Fármacos -- |
| -- |
Trastornos digestivos -- |
| -- |
Trastornos del hígado y de la vesícula biliar -- |
| -- |
Trastornos de los riñones y de la vías urinarias -- |
| -- |
Enfermedades cardiovasculares -- |
| -- |
Trastornos de los pulmones y de las vías respiratorias -- |
| -- |
Trastornos de los huesos, las articulaciones y los músculos -- |
| -- |
Trastornos del encéfalo, la medula espinal y el sistema nervioso -- |
| Información miscelánea |
Volumen 2: |
| Título |
Trastornos de la salud mental -- |
| -- |
Trastornos de la nutrición y el metabolismo -- |
| -- |
Trastornos hormonales -- |
| -- |
Trastornos de la sangre -- |
| -- |
Cáncer -- |
| -- |
Trastornos del sistema inmunitario -- |
| -- |
Infecciones -- |
| -- |
Enfermedades de la piel -- |
| -- |
Trastornos de la boca y los dientes -- |
| -- |
Trastornos de garganta, nariz y oído -- |
| -- |
Trastornos oculares -- |
| -- |
Problemas de salud en el hombre -- |
| Información miscelánea |
Volumen 3 : |
| Título |
Problemas de salud en la mujer -- |
| -- |
Problemas de salud en la infancia -- |
| -- |
Trastornos en las personas de edad -- |
| -- |
Lesiones e intoxicaciones -- |
| -- |
Temas espaciales -- |
| Información miscelánea |
Apéndices -- |
| -- |
Índice |
| 700 1# - PUNTO DE ACCESO ADICIONAL--NOMBRE DE PERSONA |
| Nombre de persona |
Porter, Robert S. |
| Término indicativo de función/relación |
ed. |
| 9 (RLIN) |
44055 |
| 700 1# - PUNTO DE ACCESO ADICIONAL--NOMBRE DE PERSONA |
| Nombre de persona |
Kaplan, Justin L. |
| Término indicativo de función/relación |
ed. |
| 9 (RLIN) |
44056 |